|
|
|
|
| LEADER |
01167cam a2200313 7i4500 |
| 001 |
0000052975 |
| 005 |
20230721090000.0 |
| 020 |
|
|
|a 9781473748873 (pbk.)
|
| 090 |
0 |
0 |
|a HF5657.4
|b .D78 2018
|
| 100 |
0 |
|
|a Drury, Colin
|
| 245 |
1 |
0 |
|a Management and cost accounting
|c Colin Drury.
|
| 250 |
|
|
|a 10th ed.
|
| 260 |
|
|
|a Andover, Hampshie:
|b Cencage Learning,
|c 2018.
|
| 300 |
|
|
|a xvii, 842 p.:
|b col. ill.;
|c 26 cm.
|
| 650 |
|
0 |
|a Managerial accounting
|
| 650 |
|
0 |
|a Cost accounting
|
| 655 |
|
0 |
|a Electronic books
|
| 856 |
4 |
2 |
|u http://library.unisel.edu.my/web/guest/mylibrary
|
| 997 |
|
|
|a Selangor Business School
|
| 997 |
|
|
|a Business & Accountancy, Faculty
|
| 998 |
|
|
|a Accountancy, Diploma
|
| 998 |
|
|
|a Accountancy, Degree
|
| 998 |
|
|
|a Business Administration, Master
|
| 999 |
|
|
|a 0000067301
|b BOK
|c OPEN SHELF
|e 1st Floor, Shah Alam
|
| 999 |
|
|
|a 0000067302
|b BOK
|c OPEN SHELF
|e 1st Floor, Shah Alam
|
| 999 |
|
|
|a 0000067303
|b BOK
|c OPEN SHELF
|e 1st Floor, Shah Alam
|
| 999 |
|
|
|a EBO0000697
|b EBOOK
|c EBOOK
|e Electronic resources
|
| 999 |
|
|
|a SBS0000792
|b BOK
|c OPEN SHELF
|e Selangor Business School
|
| 999 |
|
|
|a SBS0000793
|b BOK
|c OPEN SHELF
|e Selangor Business School
|